000 00837nam a2200217 a 4500
001 74615
003 BD-RjUL
005 20211209082559.0
008 181103s1957 ii ||||| |||| 00| 0 ben d
035 _a(BD-RjUL)
040 _aBD-RjUL
_bben
_cBD-RjUL
041 _aben
082 _223
_a891.441
_bMUS 1957
100 _aমুখোপাধ্যায়, সুভাষ
_9167120
245 _aসুভাষ মুখোপাধ্যায়ের কবিতা /
_cসুভাষ মুখোপাধ্যায়
260 _aকলিকাতা :
_bনিউ এজ পাবলিশার্স প্রাইভেট লি:,
_c১৯৫৭.
300 _a২১৯ পৃ. ;
_c২১ সেমি.
650 _aবাংলা কবিতা
_9167121
650 _aBengali Poetry
_9167122
942 _2ddc
_cBK
999 _c74615
_d74615